| 000 | 00839nam a2200217Ii 4500 | ||
|---|---|---|---|
| 003 | JO-AjNU | ||
| 008 | 230605s9999||||xx |||||||||||||| ||und|| | ||
| 017 | _a19557 | ||
| 020 | _a978-977-6341-45-6 | ||
| 040 |
_aJO-AjNU _bara _erda _cJO-AjNU |
||
| 041 | _aara | ||
| 050 | 1 | 4 | _aHF5549 .R38 2011 |
| 100 | 3 |
_aتأليف حسن،رواية/م.مشارك محمد سعيد سلطان, _eauthor _943895 |
|
| 245 | 0 | 0 | _aادارة الموارد البشرية:تنمية المديرين-تقييم الاداء- المتغيرات البيئبة - تعويضات الافراد |
| 264 | 3 | 1 | _aالاسكندرية: دار التعليم الجامعي ؛2011 |
| 300 | _a354ص | ||
| 336 |
_atext _btxt _2rdacontent |
||
| 337 |
_aunmediated _bn _2rdamedia |
||
| 338 |
_avolume _bnc _2rdacarrier |
||
| 650 | 4 |
_aادارة الافراد _943896 |
|
| 999 |
_aA18907 _c22475 _d22475 |
||